000 00499nam a2200193Ia 4500
999 _c1433
_d1433
003 OSt
005 20210222150144.0
008 151015s9999 xx 000 0 und d
020 _a43544436
040 _aMMU
_beng
_cMMU
_dMMU
050 _aG 155 .D52 2006
100 _aDale Gillian
245 _aTravel and Tourism /
_cGillian Dale
260 _aOxford :
_bHarcourt Education,
_c2006
300 _avi, 290 p. :
500 _aincludes index
650 _aTourism
942 _2lcc
_cLOAN LOAN